Fundamentals of Advanced Accounting (Record no. 351457)

000 -LEADER
fixed length control field 00485nam a22001937a 4500
003 - CONTROL NUMBER IDENTIFIER
control field OSt
005 - DATE AND TIME OF LATEST TRANSACTION
control field 20180116183047.0
008 - FIXED-LENGTH DATA ELEMENTS--GENERAL INFORMATION
fixed length control field 160721b xxu||||| |||| 00| 0 eng d
020 ## - INTERNATIONAL STANDARD BOOK NUMBER
International Standard Book Number 9781259095597
040 ## - CATALOGING SOURCE
Transcribing agency 0
082 ## - DEWEY DECIMAL CLASSIFICATION NUMBER
Edition number 6th
Classification number 657.046 HOY 2015
100 ## - MAIN ENTRY--PERSONAL NAME
Personal name Hoyle
245 ## - TITLE STATEMENT
Title Fundamentals of Advanced Accounting
Statement of responsibility, etc. Hoyle
250 ## - EDITION STATEMENT
Edition statement 6th
260 ## - PUBLICATION, DISTRIBUTION, ETC.
Place of publication, distribution, etc. USA
Name of publisher, distributor, etc. Mc Graw Hill
Date of publication, distribution, etc. 2015
300 ## - PHYSICAL DESCRIPTION
Extent 623 p.
Other physical details PB
440 ## - SERIES STATEMENT/ADDED ENTRY--TITLE
Title Fundamental of Advanced Accounting
942 ## - ADDED ENTRY ELEMENTS (KOHA)
Source of classification or shelving scheme
Koha item type Book
Holdings
Withdrawn status Lost status Source of classification or shelving scheme Damaged status Not for loan Collection code Permanent Location Current Location Shelving location Date acquired Total Checkouts Full call number Barcode Date last seen Date last checked out Price effective from Koha item type
            Central Library (CL) Central Library (CL) General Stacks 07/21/2016 1 657.046 HOY 2015 NBSD-2620 08/25/2017 08/25/2017 07/21/2016 Book
© 2023 Central Library, National University of Sciences and Technology. All Rights Reserved.